000
00352 a2200169 4500
001
162942
020
_a
85-00-12868-2
040
_c
Magnum
100
_a
Junqueira, Sonia
240
1
0
_a
Um dia, no circo
_l
por
245
1
0
_a
Um dia, no circo
300
_a
15
362
0
_a
1995
440
1
_a
Ediouro
697
_a
LITERATURA INFANTIL
942
_c
BK
999
_c
162942
_d
162942